000 00693nam a2200289Ia 4500
005 20260324125800.0
008 008 260324s9999 xx 000 0 eng d
020 _a9780429061615
037 _aEBOOK
040 _aCRL
040 _beng
040 _cCRL
041 _2eng
041 _aeng
084 _qCRL
100 _aV R Preedy
_91179304
245 0 _aTomatoes and Tomato Products
245 0 _bNutritional, Medicinal and Therapeutic Properties
260 _bTaylor and Francis
260 _c2008
365 _a
365 _b400
856 _uhttp://www.taylorfrancis.com/books/9780429061615
942 _cEBOOK
999 _c1774862
_d1774862